Country by Photo of its Leader #4 - Statistics

General Stats
  • This quiz has been taken 14 times
  • The average score is 4 of 12
Answer Stats
Picture Answer % Correct
Finland
77%
Pakistan
69%
Afghanistan
62%
Cambodia
54%
Turkmenistan
46%
Sweden
31%
Armenia
23%
Liberia
23%
Kenya
15%
Barbados
8%
Ecuador
8%
Nicaragua
8%
No matching quizzes found
Score Distribution
Percent of People with Each Score
Percentile by Number Answered
Your Score History
You have not taken this quiz